La letteratvra di Roma repvblicana ed avgvstea
Saved in:
| Hovedforfatter: | |
|---|---|
| Format: | Bog |
| Sprog: | italiensk |
| Udgivet: |
Bolonia
Licinio Cappelli
1939
|
| Serier: | Storia di Roma, 24
|
| Fag: | |
| Tags: |
Tilføj Tag
Ingen Tags, Vær først til at tagge denne postø!
|
MARC
| LEADER | 00000nam a2200000 a 4500 | ||
|---|---|---|---|
| 001 | UCP9406 | ||
| 003 | CL-VaPUC | ||
| 008 | 000324e19390000IT |||||||||||||||||ita|d | ||
| 082 | 0 | 4 | |a 937.02 |b ROS |2 21 |
| 100 | 0 | |a Rostagni, Avgvsto |e author |9 439959 | |
| 245 | 1 | 3 | |a La letteratvra di Roma repvblicana ed avgvstea |
| 300 | |a 514 p | ||
| 942 | |c BK | ||
| 945 | |d 20000324 00:00:00 |a rherrera | ||
| 260 | |a Bolonia |b Licinio Cappelli |c 1939 | ||
| 650 | 0 | |a Historia antigua |9 267521 | |
| 650 | 7 | |a ROMA |2 CL-VaPUC |9 317375 | |
| 650 | 0 | |a República romana |9 433651 | |
| 650 | 0 | |a Literatura romana |9 344825 | |
| 583 | |a last modification |c 20000324 00:00:00 |k Rodrigo Vera | ||
| 490 | 0 | |a Storia di Roma, 24 | |
| 999 | |c 286221 |d 286219 | ||
| 952 | |0 0 |1 0 |4 0 |6 937_020000000000000_ROS_1939 |7 0 |8 X |9 331724 |a BIBHIS |b BIBHIS |d 2019-11-20 |i 1389513 |o 937.02 ROS 1939 |p 1389513 |r 2024-01-30 |w 2019-11-20 |y BK_X |k HIS | ||